Statistiques concernant Mot mystérieux - Série 8

Cliquez ici pour prendre le quiz!

Statistiques générales

  • Ce quiz a été pris 99 fois
  • Le résultat moyen est 5 sur 10

Statistiques - réponses

IndicesMot% Correct
Brouillé - Autruche - Pâques - DurOeuf
97%
Coquille - Brou - Muscade - CajouNoix
93%
Pétanque - Nerfs - Perdre - NeigeBoule
91%
Carnet - Fausse - Manuscrite - ServiceNote
52%
Oeil - Boire - Pied - VinVerre
51%
Police - Hospitalier - Maîtrise - SecretAgent
43%
Fer - Mesure - Pavillon - PavéBattre
31%
Dos - Sport - Main - PapierSac
26%
Point - Ligne - Heure - QuaiDépart
21%
Court - Pouces - Mal - PageTourner
14%

Distribution des résultats

Percentile par nombre de réponses

% des personnes avec chaque résultat

Votre développement - résultats

Vous n’avez pas pris ce quiz